Prérií pádí kůň : americké pověsti a povídačky /
Uložené v:
| Hlavný autor: | |
|---|---|
| Ďalší autori: | |
| Médium: | Kniha |
| Jazyk: | Czech |
| Vydané: |
Praha :
Albatros,
1985.
|
| Vydanie: | 2. rozšíř. vyd. |
| ISBN: |
(viaz.) |
| Fyzický popis: |
283 s. : ilustr. (niektoré fareb.) ; 26 cm. |
| Tagy: |
Pridať tag
Žiadne tagy, Buďte prvý kto otaguje tento záznam!
|
Titul je dostupný aj v ... 

MARC
| LEADER | 00000nam a2200000 a 4500 | ||
|---|---|---|---|
| 001 | 000209651 | ||
| 005 | 20120929192104.0 | ||
| 008 | 040101s1985 xr e cze d | ||
| 020 | |a (viaz.) |c Kčs 32,00 | ||
| 040 | |a SVKKK |b slo |c SVKKK |e AACR2 | ||
| 041 | 0 | |a cze | |
| 044 | |a xr |c CZ | ||
| 100 | 1 | |a Stuchl, Vladimír |d 1922-1990 |4 aut | |
| 245 | 1 | 0 | |a Prérií pádí kůň : |b americké pověsti a povídačky / |c Vladimír Stuchl ; ilustr. Luděk Maňásek. |
| 250 | |a 2. rozšíř. vyd. | ||
| 260 | |a Praha : |b Albatros, |c 1985. |e (České Budějovice |f JČT) | ||
| 300 | |a 283 s. : |b ilustr. (niektoré fareb.) ; |c 26 cm. | ||
| 366 | |e 40000 výtl. | ||
| 500 | |a Rozložená titulná strana | ||
| 500 | |a Pre čitateľov od 9 rokov | ||
| 700 | 1 | |a Maňásek, Luděk |d 1929-2003 |4 ill | |
| 910 | |a svkkk | ||
| 998 | |a BK | ||
| 090 | |g SCKHL |k Sklad Pribinova prízemie |a IV.128971 |j 719631 |i 209651-30 |s Povinný výt. | ||